| 000 | 01258nac a22003371u 4500 | ||
|---|---|---|---|
| 999 |
_c9154 _d9154 |
||
| 003 | EG-ScBUE | ||
| 005 | 20210809151857.0 | ||
| 008 | 080806t2007 nyuab f 000 0 eng d | ||
| 020 | _a9780194361095 (student book) | ||
| 020 | _a0194361098 | ||
| 040 |
_aEG-ScBUE _beng _erda _cEG-ScBUE _dEG-ScBUE |
||
| 082 | 0 | 4 |
_a428.34 _bBLA _222 |
| 100 | 1 |
_aBlackwell, Angela, _eauthor. _926083 |
|
| 245 | 1 | 0 |
_aOpen forum : _bacademic listening and speaking / _cAngela M. Blackwell, Therese Naber. |
| 264 | 1 |
_aNew York : _bOxford University Press, _c[2007] |
|
| 264 | 4 | _cc2007 | |
| 300 |
_avii,105 pages : _billustrations, maps ; _c27 cm + _e3 CD |
||
| 336 |
_2rdacontent _atext _btxt |
||
| 336 |
_2rdacontent _asounds _bsnd |
||
| 337 |
_2rdamedia _aunmediated _bn |
||
| 337 |
_2rdamedia _aaudio _bs |
||
| 338 |
_2rdacarrier _avolume _bnc |
||
| 338 |
_2rdacarrier _acomputer disc _bcd |
||
| 500 | _a "Free audio downloads for more practice"--Cover. | ||
| 650 | 7 |
_aEnglish language _vTextbooks for foreign speakers. _2BUEsh |
|
| 653 |
_bHHUUEENN _cAugust2021 |
||
| 655 |
_vReading book _934232 |
||
| 700 | 1 |
_aNaber, Therese, _eauthor. _926086 |
|
| 856 | 4 | 1 |
_3Table of contents only _uhttp://www.loc.gov/catdir/toc/ecip062/2005030682.html |
| 942 |
_cBB _k428.34BLA _2ddc |
||